Flagi do stolic #1 - Statystyki

Ogólne statystyki
  • Ten quiz został rozwiązany 3 577 razy
  • Średni wynik to 15 z 20
Statystyki odpowiedzi
Obrazkowy Odpowiedź % Poprawnych
Ateny
95%
Ottawa
95%
Berlin
94%
Madryt
93%
Amsterdam
92%
Kijów
92%
Pekin
92%
Budapeszt
91%
Ankara
88%
Brasilia
88%
Nowe Delhi
85%
Buenos Aires
83%
Canberra
78%
Rabat
68%
Rijad
62%
Hanoi
59%
Kuala Lumpur
56%
Caracas
53%
Bagdad
52%
Dodoma
28%
Nie znaleziono quizów pasujących do podanych kryteriów
Rozkład punktacji
Procent ludzi z każdym wynikiem
Percentyl według liczby udzielonych odpowiedzi
Twoja historia wyników
Nie rozwiązałeś tego quizu